000 00670nam a2200229Ia 4500
003 OSt
005 20220925221837.0
006 a|||||r|||| 00| 0
007 ta
008 220923b |||||||| |||| 00| 0 eng d
037 _cGeneral Book
040 _aRTL
_cRTL
_beng
041 _2eng
_aeng
082 _aX:87-93.3.N6, K8
100 _aMerrett A. J.
_9128871
245 0 _aExecutive remuneration in the United Kingdom
260 _aLondon
_bOrient Longman U. K.
_c1968
300 _axiv, 108p. Appendix p.71-108
_ccm.
650 _aExecutive Management
942 _hX:87-93.3.N6, K8
_cGB
_2CC
999 _c575468
_d575468